000 00464nam a2200181Ia 4500
001 24820
008 140411s9999 xx 000 0 und d
020 _a0-130-90891-6
040 _cPK-LaUMT
082 _a 004.67
_bVOR-C
100 _aCarol Vorderman
245 _aCarol vorderman's guide to the internet
_cCarol Vorderman<>Rob Young
260 _aLondon,UK:
_bPrentice Hall,
_c2000
300 _a305 p.
546 _aEN
700 _aRob Young
942 _cBK
999 _c25009
_d25009